Taller de lectura y redacción 2 (Registro nro. 2387)
[ vista simple ]
| 000 -CABECERA | |
|---|---|
| campo de control de longitud fija | 01062aam a2200373 4500 |
| 005 - FECHA Y HORA DE ACTUALIZACIÓN | |
| campo de control | 20220128115111.0 |
| 008 - LONGITUD FIJA | |
| campo de control de longitud fija | 150414b xxu||||| |||| 00| 0 spa d |
| 041 ## - IDIOMA | |
| Código de idioma del texto/pista de sonido o título separado | |
| 082 ## - CLASIFICACIÓN DECIMAL DEWEY | |
| Número de clasificación | 461 D331t4 |
| 100 ## - AUTOR PERSONAL | |
| Nombre de persona | De la Torre Zermeno, Francisco |
| 100 ## - AUTOR PERSONAL | |
| Nombre de persona | Dufoo Maciel, Silvia |
| 245 ## - TÍTULO PROPIAMENTE DICHO | |
| Título | Taller de lectura y redacción 2 |
| 250 ## - EDICIÓN | |
| Mención de edición | 4 edición |
| 260 ## - PIE DE IMPRENTA | |
| Lugar de publicación, distribución, etc. | México |
| Nombre del editor, distribuidor, etc. | McGraw-Hill |
| Fecha de publicación, distribución, etc. | 2005 |
| 300 ## - DESCRIPCIÓN FÍSICA | |
| Extensión | 248 páginas |
| 500 ## - NOTA GENERAL | |
| Nota general | Volumen 2 |
| 650 ## - Materia General | |
| Materia general | COMUNICACIÓN ESCRITA |
| 650 ## - Materia General | |
| Materia general | REDACCIÓN |
| 650 ## - Materia General | |
| Materia general | TEXTOS FUNCIONALES |
| 650 ## - Materia General | |
| Materia general | EXPOSICIÓN ORAL |
| 650 ## - Materia General | |
| Materia general | TEXTOS PERSUASIVOS |
| 650 ## - Materia General | |
| Materia general | INVESTIGACIÓN DOCUMENTAL |
| 650 ## - Materia General | |
| Materia general | LECTURA |
| 650 ## - Materia General | |
| Materia general | GRAMÁTICA |
| 650 ## - Materia General | |
| Materia general | EDITORIAL |
| 650 ## - Materia General | |
| Materia general | DISCURSO |
| 650 ## - Materia General | |
| Materia general | ENSAYO |
| 650 ## - Materia General | |
| Materia general | TESIS |
| 650 ## - Materia General | |
| Materia general | EXPRESIÓN ORAL |
| 650 ## - Materia General | |
| Materia general | TEXTOS LITERARIOS |
| 650 ## - Materia General | |
| Materia general | TEXTOS RECREATIVOS |
| 650 ## - Materia General | |
| Materia general | POLISEMIA |
| 942 ## - Punto de Acceso Adicional Koha | |
| Tipo de ítem Koha | Libro |
| Estado perdido | Estado dañado | No para préstamo | Biblioteca permanente | Biblioteca actual | Signatura completa | Código de barras | Precio efectivo a partir del | Tipo de ítem |
|---|---|---|---|---|---|---|---|---|
| Departamento de Biblioteca y Documentación Alfonso Chase Brenes | Departamento de Biblioteca y Documentación Alfonso Chase Brenes | 461 D331t4 | 14869 | 13/09/2016 | Libro |